000 00574ntaaa2200193 4500
003 01
005 20251027202952.0
008 0714s1973 ag 01
040 _aAR-BaBN
_bspa
_cAR-BaBN
_eaacr
_dRIC
082 _a973.0000 N29
100 _aNef, John U
_930577
245 _aThe United States and civilization
250 _a1 ed.
260 _aChicago :
_bUniversity of Chicago Press,
_cc1942, 1967
300 _axvi, 435 p
500 _aEstudio de la civilización incluyendo la influencia de la religión y la educación
650 _acivilización
_928433
942 _cBK
999 _c25058
_d25058